000 00229 a2200109 4500
001 12575
090 _c9586
_d9586
100 _aRowe,B.H
245 _aPower to Fly: an engineer,s life
260 _aNY
_bAIAA
_c2004
300 _axiii, 207 p
942 _aNUST-CAE
999 _c247648
_d247648